Journal of Information Technology and Sciences (Record no. 46498)
[ view plain ]
| 000 -LEADER | |
|---|---|
| fixed length control field | 00442nam a22001457a 4500 |
| 008 - FIXED-LENGTH DATA ELEMENTS--GENERAL INFORMATION | |
| fixed length control field | 250914b |||||||| |||| 00| 0 eng d |
| 022 ## - INTERNATIONAL STANDARD SERIAL NUMBER | |
| International Standard Serial Number | 2581849X |
| 041 ## - LANGUAGE CODE | |
| Language code of text/sound track or separate title | eng |
| 245 ## - TITLE STATEMENT | |
| Title | Journal of Information Technology and Sciences |
| 260 ## - PUBLICATION, DISTRIBUTION, ETC. | |
| Place of publication, distribution, etc. | Uttar Pradesh |
| Name of publisher, distributor, etc. | MAT Journal |
| Date of publication, distribution, etc. | 2025 |
| 300 ## - PHYSICAL DESCRIPTION | |
| Extent | 58:. p |
| 651 ## - SUBJECT ADDED ENTRY--GEOGRAPHIC NAME | |
| Geographic name | Information Technology |
| 856 ## - ELECTRONIC LOCATION AND ACCESS | |
| Uniform Resource Identifier | <a href="https://matjournals.com/Journal-of-Information-Technology-and-Sciences.html">https://matjournals.com/Journal-of-Information-Technology-and-Sciences.html</a> |
| 942 ## - ADDED ENTRY ELEMENTS (KOHA) | |
| Koha item type | Serial |
| Withdrawn status | Lost status | Source of classification or shelving scheme | Damaged status | Not for loan | Home library | Current library | Date acquired | Source of acquisition | Serial Enumeration / chronology | Total Checkouts | Barcode | Date last seen | Price effective from | Koha item type |
|---|---|---|---|---|---|---|---|---|---|---|---|---|---|---|
| Dewey Decimal Classification | IMTN | IMTN | 09/13/2025 | 2025-09-13 | Vol. 11, No. 1 | P833 | 09/14/2025 | 09/13/2025 | Serial | |||||
| Dewey Decimal Classification | IMTN | IMTN | 09/16/2025 | 2025-09-16 | Vol. 11, No. 2 | P859 | 09/16/2025 | 09/16/2025 | Serial |